[Event "56th TCh-DEN Ex 2017-18"]
[Site "Denmark DEN"]
[Date "2017.12.17"]
[Round "4.2"]
[Board "7"]
[White "Greger, Roland Reinhard"]
[Black "Vesterli, Michael E."]
[Result "0-1"]
[WhiteElo "2298"]
[BlackElo "2095"]
[WhiteTeam "Bronshoj"]
[BlackTeam "BMS"]
[WhiteFideId "1401530"]
[BlackFideId "1417339"]
[EventDate "2017.11.18"]

1. e4 c5 2. Nf3 e6 3. d3 Nc6 4. g3 Nf6 5. Bg2 d5 6. Nbd2 Be7 7. O-O O-O 8. Qe2
b5 9. e5 Nd7 10. Re1 Qb6 11. Nf1 Ba6 12. Ne3 c4 13. dxc4 bxc4 14. c3 d4 15. Nxd4
Nxd4 16. cxd4 Rab8 17. Qg4 Bb4 18. Rd1 f5 19. exf6 Nxf6 20. Qh3 c3 21. bxc3 Bxc3
22. Ba3 Bxa1 23. Bxf8 Bxd4 24. Bxg7 Kxg7 25. Ng4 Rf8 26. Nxf6 Bxf6 27. Be4 Rf7
28. Rb1 Qd6 29. Qxh7+ Kf8 30. Qh6+ Bg7 31. Qg5 Bd4 32. Qh6+ Ke7 33. Qg5+ Kd7 34.
Rd1 Bxf2+ 0-1

[Event "56th TCh-DEN Ex 2017-18"]
[Site "Denmark DEN"]
[Date "2017.12.17"]
[Round "4.2"]
[Board "8"]
[White "Kistrup, Nicolai"]
[Black "Furrer, Christian"]
[Result "1-0"]
[WhiteElo "2004"]
[BlackElo "2240"]
[WhiteTeam "BMS"]
[BlackTeam "Bronshoj"]
[WhiteFideId "1444816"]
[BlackFideId "1428004"]
[EventDate "2017.11.18"]

1. d4 Nf6 2. Nf3 g6 3. c4 Bg7 4. Nc3 O-O 5. Bg5 d6 6. e3 c6 7. Be2 Qa5 8. O-O
Bg4 9. Bh4 Nbd7 10. a3 e5 11. b4 Qc7 12. h3 Bxf3 13. Bxf3 Rfe8 14. Qc2 d5 15.
cxd5 cxd5 16. Qb3 exd4 17. exd4 Nb6 18. Rac1 Qd7 19. Bxf6 Bxf6 20. Rfd1 Rad8 21.
a4 Bg7 22. a5 Nc8 23. Nxd5 Nd6 24. Bg4 Nf5 25. Rc5 Re4 26. Bxf5 gxf5 27. Ne3
Rxd4 28. Rxd4 Qxd4 29. Nxf5 Qa1+ 30. Kh2 Be5+ 31. g3 Kh8 32. Qxf7 Qb2 33. Ne3
Bg7 34. Qf4 Bd4 35. Rd5 Rxd5 36. Qf8# 1-0

[Event "56th TCh-DEN Ex 2017-18"]
[Site "Denmark DEN"]
[Date "2017.12.17"]
[Round "4.3"]
[Board "1"]
[White "Hector, Jonny"]
[Black "Hansen, Sune Berg"]
[Result "0-1"]
[WhiteTitle "GM"]
[BlackTitle "GM"]
[WhiteElo "2493"]
[BlackElo "2580"]
[WhiteTeam "Nordkalotten"]
[BlackTeam "Hillerod"]
[WhiteFideId "1700090"]
[BlackFideId "1400266"]
[EventDate "2017.11.18"]

1. e4 e5 2. Nf3 Nc6 3. Bc4 Bc5 4. O-O Nf6 5. d3 O-O 6. a4 a6 7. Nbd2 d6 8. c3
Ba7 9. Bb3 Be6 10. Bxe6 fxe6 11. Nc4 Qe8 12. b4 Ne7 13. Ra2 Ng6 14. g3 b5 15.
Ncd2 Bb6 16. a5 Ba7 17. Nb3 Qc6 18. Rc2 d5 19. exd5 exd5 20. d4 e4 21. Ne1 Rf7
22. Ng2 Raf8 23. h4 Qd7 24. h5 Ne7 25. Bg5 Nf5 26. Bxf6 Rxf6 27. Qg4 Qe8 28. Re1
Qf7 29. Nf4 c6 30. Rce2 Bb8 31. Nc5 Bxf4 32. gxf4 Nh6 33. Qh3 Rxf4 34. Qe6 Rg4+
35. Kh1 Qxe6 36. Nxe6 Rf3 37. Kh2 Rf5 38. Re3 Rxf2+ 39. Kh3 Rgg2 0-1

[Event "56th TCh-DEN Ex 2017-18"]
[Site "Denmark DEN"]
[Date "2017.12.17"]
[Round "4.3"]
[Board "2"]
[White "Schandorff, Lars"]
[Black "Brynell, Stellan"]
[Result "1/2-1/2"]
[WhiteTitle "GM"]
[BlackTitle "GM"]
[WhiteElo "2490"]
[BlackElo "2411"]
[WhiteTeam "Hillerod"]
[BlackTeam "Nordkalotten"]
[WhiteFideId "1400070"]
[BlackFideId "1700219"]
[EventDate "2017.11.18"]

1. d4 Nf6 2. Nf3 e6 3. c4 b6 4. g3 Bb7 5. Bg2 Be7 6. O-O O-O 7. Re1 d5 8. cxd5
exd5 9. Nc3 Na6 10. Bf4 c5 11. dxc5 Nxc5 12. Rc1 Nfe4 13. Be5 Re8 14. a3 Bf8 15.
b4 Nxc3 16. Bxc3 Ne4 17. Bd4 a5 18. Rb1 axb4 19. axb4 Nd6 20. e3 Nb5 21. Bf1
Nxd4 22. Nxd4 Qf6 23. Qb3 Rec8 24. Red1 h5 25. Ra1 h4 26. Rxa8 Rxa8 27. Bg2 hxg3
28. hxg3 Qd6 29. Nc2 Rc8 30. Bxd5 Bxd5 31. Rxd5 Qe6 32. Ne1 Bxb4 1/2-1/2

[Event "56th TCh-DEN Ex 2017-18"]
[Site "Denmark DEN"]
[Date "2017.12.17"]
[Round "4.3"]
[Board "3"]
[White "Sylvan, Jacob"]
[Black "Stojanovski, Sandi"]
[Result "0-1"]
[WhiteTitle "FM"]
[BlackTitle "FM"]
[WhiteElo "2360"]
[BlackElo "2270"]
[WhiteTeam "Nordkalotten"]
[BlackTeam "Hillerod"]
[WhiteFideId "1402137"]
[BlackFideId "1403249"]
[EventDate "2017.11.18"]

1. e4 c5 2. Nf3 Nc6 3. Nc3 e5 4. Bc4 Be7 5. d3 Nf6 6. Nd2 d6 7. Nf1 Bg4 8. f3
Be6 9. Ne3 O-O 10. a3 Nh5 11. O-O Nf4 12. g3 Bxc4 13. Nxc4 Ng6 14. f4 exf4 15.
gxf4 f5 16. Nd5 Bf6 17. c3 Nge7 18. Nce3 Nxd5 19. Nxd5 Ne7 20. Ne3 c4 21. Nxc4
fxe4 22. dxe4 d5 23. exd5 Nf5 24. d6 b5 25. Qd5+ Kh8 26. Qxb5 Rc8 27. Qd5 Rxc4
28. Qxc4 Qb6+ 29. Rf2 Bh4 30. Qe2 Bxf2+ 31. Qxf2 Qxd6 32. Bd2 Rd8 33. Be1 Qd3
34. Qg2 h6 35. Bf2 Kh7 36. Re1 Rd6 37. Qe4 Qh3 38. c4 Rg6+ 39. Kh1 Nd6 40. Qd5
Nxc4 41. Bxa7 Nd2 42. Rg1 Nf3 0-1

[Event "56th TCh-DEN Ex 2017-18"]
[Site "Denmark DEN"]
[Date "2017.12.17"]
[Round "4.3"]
[Board "4"]
[White "Ostergaard, Jens"]
[Black "Kristensen, Kaare Hove"]
[Result "1/2-1/2"]
[WhiteTitle "FM"]
[BlackTitle "FM"]
[WhiteElo "2220"]
[BlackElo "2318"]
[WhiteTeam "Hillerod"]
[BlackTeam "Nordkalotten"]
[WhiteFideId "1400606"]
[BlackFideId "1400940"]
[EventDate "2017.11.18"]

1. d4 d5 2. c4 c6 3. cxd5 cxd5 4. Bf4 Nf6 5. e3 Nc6 6. Nc3 Bf5 7. Qb3 Na5 8.
Qa4+ Bd7 9. Qc2 Rc8 10. Bd3 e6 11. Nf3 b5 12. Qe2 Nc4 13. O-O Be7 14. h3 O-O 15.
Rfc1 b4 16. Nb1 Ne5 17. Rxc8 Nxf3+ 18. Qxf3 Qxc8 19. Nd2 Qb7 20. Qd1 1/2-1/2

[Event "56th TCh-DEN Ex 2017-18"]
[Site "Denmark DEN"]
[Date "2017.12.17"]
[Round "4.3"]
[Board "5"]
[White "Hove, Esben Kjems"]
[Black "Jaksland, Tim"]
[Result "1/2-1/2"]
[WhiteTitle "FM"]
[BlackTitle "FM"]
[WhiteElo "2325"]
[BlackElo "2168"]
[WhiteTeam "Nordkalotten"]
[BlackTeam "Hillerod"]
[WhiteFideId "1401505"]
[BlackFideId "1401084"]
[EventDate "2017.11.18"]

1. c4 Nf6 2. Nc3 g6 3. g3 Bg7 4. Bg2 O-O 5. Nf3 d6 6. O-O Nc6 7. Rb1 a5 8. a3 e5
9. d3 Nd4 10. Ne1 c6 11. b4 axb4 12. axb4 Be6 13. b5 d5 14. bxc6 bxc6 15. e3 Nf5
16. cxd5 cxd5 17. Nc2 Qd7 18. Ne2 Rfc8 19. Bb2 Qd6 20. Qd2 Rab8 21. Ba1 h5 22.
Rxb8 Rxb8 23. Qa5 Rc8 24. Bc3 Nd7 25. Na3 Qb6 26. Qxb6 Nxb6 27. Bb4 Bf8 28. Rb1
Na4 29. Bxf8 Kxf8 30. Rc1 1/2-1/2

[Event "56th TCh-DEN Ex 2017-18"]
[Site "Denmark DEN"]
[Date "2017.12.17"]
[Round "4.3"]
[Board "6"]
[White "Nordenbaek, Jan"]
[Black "Pedersen, Daniel Vesterbaek"]
[Result "1-0"]
[BlackTitle "FM"]
[WhiteElo "2194"]
[BlackElo "2200"]
[WhiteTeam "Hillerod"]
[BlackTeam "Nordkalotten"]
[WhiteFideId "1401475"]
[BlackFideId "1402161"]
[EventDate "2017.11.18"]

1. Nf3 d5 2. d4 Nf6 3. c4 c6 4. e3 Bf5 5. Nc3 e6 6. Be2 h6 7. Qb3 Qb6 8. Bd2
Nbd7 9. O-O Qxb3 10. axb3 Bc2 11. Bd1 Bd3 12. Be2 Bxe2 13. Nxe2 Ne4 14. Be1 a6
15. Nc3 Bd6 16. cxd5 exd5 17. Nxe4 dxe4 18. Nd2 f5 19. Nc4 Bc7 20. Bb4 O-O-O 21.
Be7 Rde8 22. Bd6 b5 23. Rxa6 1-0

[Event "56th TCh-DEN Ex 2017-18"]
[Site "Denmark DEN"]
[Date "2017.12.17"]
[Round "4.3"]
[Board "7"]
[White "Jakobsen, Peter"]
[Black "Andersen, Ib Hother"]
[Result "1-0"]
[WhiteTitle "FM"]
[WhiteElo "2182"]
[BlackElo "2177"]
[WhiteTeam "Nordkalotten"]
[BlackTeam "Hillerod"]
[WhiteFideId "1401440"]
[BlackFideId "1407210"]
[EventDate "2017.11.18"]

1. d4 Nf6 2. c4 e6 3. Nc3 d5 4. Bg5 Be7 5. e3 O-O 6. Nf3 Ne4 7. Bxe7 Qxe7 8. Rc1
c6 9. Bd3 f5 10. O-O Nd7 11. Ne2 Kh8 12. a3 g5 13. b4 Rg8 14. Ne5 Nxe5 15. dxe5
g4 16. Bxe4 fxe4 17. Nf4 Bd7 18. Qd4 Be8 19. b5 Rg7 20. a4 a6 21. bxc6 bxc6 22.
Rb1 c5 23. Qd1 Rd8 24. Rb6 Bf7 25. Qb1 dxc4 26. Qxe4 c3 27. Rxa6 Rd2 28. Qc4 c2
29. Rb6 Qc7 30. Rb2 Qxe5 31. Rxc2 Rxc2 32. Qxc2 Bg6 33. Qc4 Bf5 34. Rc1 Rb7 35.
Nd3 Bxd3 36. Qxd3 Rb2 37. g3 Qf6 38. Qc3 Qxc3 39. Rxc3 Rb4 40. Rxc5 Kg7 41. a5
Ra4 42. Rc7+ Kg6 43. Ra7 h5 44. a6 Kf5 45. Ra8 Ke4 46. a7 Ra1+ 47. Kg2 Ke5 48.
h3 Ke4 49. hxg4 hxg4 50. Rg8 Rxa7 51. Rxg4+ Kf5 52. Rb4 Ra2 53. g4+ Kf6 54. Kg3
Ra1 55. f4 Rg1+ 56. Kf3 Rf1+ 57. Ke4 Re1 58. Rb6 Kf7 59. f5 exf5+ 60. gxf5 Re2
61. Kf4 Rf2+ 62. Ke5 Ra2 63. Rb7+ Kf8 64. e4 Ra5+ 65. Kf6 Ra6+ 66. Kg5 Ra5 67.
Kg6 Ra1 68. e5 1-0

[Event "56th TCh-DEN Ex 2017-18"]
[Site "Denmark DEN"]
[Date "2017.12.17"]
[Round "4.3"]
[Board "8"]
[White "Svenninggaard, Thomas"]
[Black "Ejsing, Esben"]
[Result "1/2-1/2"]
[WhiteElo "2177"]
[BlackElo "2161"]
[WhiteTeam "Hillerod"]
[BlackTeam "Nordkalotten"]
[WhiteFideId "1406302"]
[BlackFideId "1418572"]
[EventDate "2017.11.18"]

1. e4 c5 2. Nf3 d6 3. h3 Nc6 4. Bc4 Nf6 5. d3 e6 6. O-O Be7 7. Re1 O-O 8. Bg5
Na5 9. e5 dxe5 10. Nxe5 Nxc4 11. dxc4 h6 12. Bh4 Nd7 13. Bxe7 Qxe7 14. Nc3 Nxe5
15. Rxe5 b6 16. Qe2 Qf6 17. Rd1 Rd8 18. Rxd8+ Qxd8 19. Qf3 Rb8 20. Re1 Rb7 21.
Rd1 Rd7 22. Rd3 Kf8 23. Nb5 a6 24. Na7 Rxd3 25. cxd3 Bd7 26. Qb7 a5 27. b3 g5
28. Kf1 e5 29. Ke2 Bf5 30. Qf3 Qd7 31. g4 Bg6 32. Nb5 Kg7 33. Qe3 f6 34. f3 h5
35. Nc3 hxg4 36. hxg4 Bf7 37. Qe4 Be6 38. Nd1 b5 39. Ne3 bxc4 40. dxc4 a4 41.
Nd5 axb3 42. axb3 Qa7 43. Qe3 Qa2+ 44. Kf1 Bxd5 45. cxd5 c4 46. Qc5 cxb3 47.
Qe7+ Kg6 48. Qe8+ 1/2-1/2

[Event "56th TCh-DEN Ex 2017-18"]
[Site "Denmark DEN"]
[Date "2017.12.17"]
[Round "4.4"]
[Board "1"]
[White "Teplyi, Igor"]
[Black "Matthiesen, Martin"]
[Result "1-0"]
[WhiteTitle "IM"]
[BlackTitle "FM"]
[WhiteElo "2412"]
[BlackElo "2307"]
[WhiteTeam "Nordre"]
[BlackTeam "SK1968"]
[WhiteFideId "1413767"]
[BlackFideId "1404067"]
[EventDate "2017.11.18"]

1. c4 e6 2. Nc3 d5 3. d4 Nf6 4. cxd5 exd5 5. Bg5 c6 6. e3 Be7 7. Bd3 Nbd7 8. Qc2
Nh5 9. Bxe7 Qxe7 10. Nge2 Nb6 11. O-O Nf6 12. Rab1 a5 13. Rbe1 O-O 14. Ng3 Be6
15. Nf5 Bxf5 16. Bxf5 Rfd8 17. Re2 g6 18. Bd3 Rac8 19. Qb3 Qb4 20. Qd1 Qe7 21.
Rc2 Kg7 22. Qf3 Rd6 23. Qg3 Re8 24. Re2 Re6 25. a3 Kh8 26. Qg5 Nc8 27. Rfe1 Nd6
28. f3 Nh5 29. Qxe7 R6xe7 30. g4 Ng7 31. Kf2 f5 32. h3 Rf7 33. Kg3 g5 34. f4
fxg4 35. fxg5 gxh3 36. Kxh3 Ne6 37. Rg1 Nxd4 38. exd4 Rf3+ 39. Rg3 Rf4 40. Rxe8+
Nxe8 41. Re3 1-0

[Event "56th TCh-DEN Ex 2017-18"]
[Site "Denmark DEN"]
[Date "2017.12.17"]
[Round "4.4"]
[Board "2"]
[White "Rewitz, Poul"]
[Black "Petersen, Tom Petri"]
[Result "0-1"]
[WhiteTitle "FM"]
[BlackTitle "FM"]
[WhiteElo "2308"]
[BlackElo "2293"]
[WhiteTeam "SK1968"]
[BlackTeam "Nordre"]
[WhiteFideId "1401033"]
[BlackFideId "1403486"]
[EventDate "2017.11.18"]

1. e4 g6 2. d4 Bg7 3. Nc3 a6 4. Bc4 e6 5. h4 b5 6. Bb3 Nc6 7. Nf3 Na5 8. h5 d6
9. Bg5 Qd7 10. Qe2 h6 11. Be3 g5 12. O-O-O Nxb3+ 13. axb3 b4 14. Na4 Ne7 15. Nd2
a5 16. e5 Nd5 17. Ne4 Ba6 18. Qf3 Bb5 19. Kb1 Bc6 20. Qg3 f5 21. exf6 Nxf6 22.
d5 Bxd5 23. Nxf6+ Bxf6 24. f4 Qg7 25. f5 Be5 26. Qg4 exf5 27. Qxf5 Qf7 28. Qd3
Bxg2 29. Rhg1 Bc6 30. Rgf1 Qe6 31. Nc5 dxc5 32. Bxc5 Bd7 33. Qe4 Bc6 34. Qe3 Rd8
35. Rde1 Rd5 36. Bd4 Rxd4 37. Qxd4 Bxd4 38. Rxe6+ Kd7 39. Rg6 Be4 40. Ra6 Bb6
41. Rf7+ Kc6 0-1

[Event "56th TCh-DEN Ex 2017-18"]
[Site "Denmark DEN"]
[Date "2017.12.17"]
[Round "4.4"]
[Board "3"]
[White "Veng, Johnni"]
[Black "Bank, Pelle"]
[Result "0-1"]
[WhiteTitle "FM"]
[WhiteElo "2255"]
[BlackElo "2283"]
[WhiteTeam "Nordre"]
[BlackTeam "SK1968"]
[WhiteFideId "1408623"]
[BlackFideId "1402889"]
[EventDate "2017.11.18"]

1. Nf3 Nf6 2. c4 g6 3. Nc3 Bg7 4. g3 O-O 5. Bg2 d6 6. O-O e5 7. d4 Nbd7 8. Qc2
exd4 9. Nxd4 Nb6 10. Na4 Nxa4 11. Qxa4 Re8 12. Rd1 Ne4 13. Qc2 Qe7 14. Be3 a6
15. Rac1 c5 16. Nf3 Bf5 17. Qb3 Rab8 18. Qb6 Qd8 19. Qxd8 Rbxd8 20. b3 Bb2 21.
Rc2 Nc3 22. Rd3 Bxd3 23. exd3 Ba1 24. Rd2 b5 25. Ng5 h6 26. Nh3 g5 27. Bb7 b4
28. Kg2 a5 29. d4 cxd4 30. Bxd4 Nb1 31. Rd1 Bxd4 32. Rxd4 Nc3 33. Ng1 Nxa2 34.
Rd5 Re5 35. Rd2 Nc3 36. Nf3 Re2 37. Rd3 a4 38. bxa4 Rb8 0-1

[Event "56th TCh-DEN Ex 2017-18"]
[Site "Denmark DEN"]
[Date "2017.12.17"]
[Round "4.4"]
[Board "4"]
[White "Hansen, Lars"]
[Black "Sloth, Jorn"]
[Result "1/2-1/2"]
[BlackTitle "FM"]
[WhiteElo "2243"]
[BlackElo "2295"]
[WhiteTeam "SK1968"]
[BlackTeam "Nordre"]
[WhiteFideId "1402528"]
[BlackFideId "1400240"]
[EventDate "2017.11.18"]

1. e4 Nf6 2. e5 Nd5 3. d4 d6 4. c4 Nb6 5. exd6 exd6 6. Nc3 Nc6 7. Be3 Be7 8. Nf3
Bf6 9. h3 O-O 10. b3 Re8 11. Be2 a5 12. O-O a4 13. Qd2 Na5 14. Qb2 Bf5 15. Rad1
axb3 16. axb3 d5 1/2-1/2

[Event "56th TCh-DEN Ex 2017-18"]
[Site "Denmark DEN"]
[Date "2017.12.17"]
[Round "4.4"]
[Board "5"]
[White "Baekgaard, Martin"]
[Black "Ramsdal, Jens Albert"]
[Result "1-0"]
[WhiteTitle "FM"]
[WhiteElo "2297"]
[BlackElo "2251"]
[WhiteTeam "Nordre"]
[BlackTeam "SK1968"]
[WhiteFideId "1405586"]
[BlackFideId "1429221"]
[EventDate "2017.11.18"]

1. d4 Nf6 2. c4 g6 3. Nc3 Bg7 4. e4 d6 5. Be2 O-O 6. Nf3 Na6 7. O-O e5 8. Be3 c6
9. Rb1 Qe7 10. d5 Ng4 11. Bg5 f6 12. Bd2 c5 13. Ne1 Nh6 14. Nd3 f5 15. f3 Nf7
16. b4 Bf6 17. bxc5 Nxc5 18. Nxc5 dxc5 19. Be3 Bg5 20. Bf2 b6 21. a4 Nd6 22. a5
fxe4 23. fxe4 Ba6 24. axb6 Rxf2 25. Kxf2 Bxc4 26. Bxc4 Nxc4 27. b7 Rb8 28. Qa4
Be3+ 29. Ke2 Nb6 30. Qxa7 Rxb7 31. Qa6 Bd4 32. Rxb6 Rxb6 33. Qxb6 Bxc3 34. Qb8+
Kg7 35. d6 1-0

[Event "56th TCh-DEN Ex 2017-18"]
[Site "Denmark DEN"]
[Date "2017.12.17"]
[Round "4.4"]
[Board "7"]
[White "Klitgaard, Thomas"]
[Black "Miqueu, Jean-Philippe"]
[Result "1/2-1/2"]
[WhiteElo "2195"]
[BlackElo "2118"]
[WhiteTeam "Nordre"]
[BlackTeam "SK1968"]
[WhiteFideId "1408267"]
[BlackFideId "642851"]
[EventDate "2017.11.18"]

1. Nf3 d5 2. e3 Nf6 3. c4 c6 4. Nc3 a6 5. d4 Bf5 6. a3 e6 7. Be2 h6 8. O-O Bd6
9. b4 Nbd7 10. Bb2 O-O 11. h3 Qe7 12. Qb3 dxc4 13. Bxc4 e5 14. Rfe1 e4 15. Nd2
Nh7 16. Bf1 Rae8 17. g3 h5 18. Bg2 Ng5 19. h4 Nh3+ 20. Bxh3 Bxh3 21. Ncxe4 Bb8
22. Ng5 Bf5 23. e4 Bg6 24. f4 Kh8 25. f5 f6 26. Ne6 Bf7 27. Qf3 Bxe6 28. fxe6
Qxe6 29. Qxh5+ Kg8 30. Kg2 Nb6 31. a4 Qd6 32. Nf1 Nc4 33. Bc3 f5 34. e5 Qe6 35.
Qf3 f4 36. gxf4 Qh6 37. f5 Qxh4 38. Re4 Qg5+ 39. Rg4 Qxf5 40. Qxf5 Rxf5 41. Re1
Ref8 42. Ne3 Rf2+ 43. Kg1 Nxe3 44. Rxe3 R2f3 45. Rxf3 Rxf3 46. Be1 Kf7 47. Kg2
Rf5 48. Bf2 Bc7 49. Kf1 Bd8 50. Ke2 Be7 51. Be1 Rg5 52. Rxg5 Bxg5 53. Kd3 b5 54.
a5 Ke6 55. Ke4 Bc1 56. Kd3 Bg5 57. Ke4 g6 58. Bc3 Bc1 59. Kd3 Bf4 60. Bd2 Bg3
61. Ke4 Bh4 1/2-1/2

[Event "56th TCh-DEN Ex 2017-18"]
[Site "Denmark DEN"]
[Date "2017.12.17"]
[Round "4.4"]
[Board "8"]
[White "Hardlei, Johan"]
[Black "Hoiberg, Nina"]
[Result "0-1"]
[BlackTitle "WIM"]
[WhiteElo "2188"]
[BlackElo "2148"]
[WhiteTeam "SK1968"]
[BlackTeam "Nordre"]
[WhiteFideId "1440489"]
[BlackFideId "1400720"]
[EventDate "2017.11.18"]

1. d4 d6 2. Nf3 Bg4 3. e4 Nf6 4. Nc3 c6 5. h3 Bh5 6. g4 Bg6 7. Qe2 e6 8. g5 Nh5
9. Bd2 d5 10. exd5 cxd5 11. Qb5+ Qd7 12. Ne5 Qxb5 13. Bxb5+ Kd8 14. O-O-O Bd6
15. Nxg6 hxg6 16. Ne2 a6 17. Bd3 Nc6 18. c4 dxc4 19. Bxc4 Rc8 20. Kb1 Ke7 21.
Bb3 b5 22. d5 Nd8 23. dxe6 Nxe6 24. Bxe6 fxe6 25. Rhe1 Rhf8 26. Be3 Nf4 27. Bxf4
Bxf4 28. Nd4 e5 29. Re4 Rc4 30. b3 Rc5 31. Nf3 Rfc8 32. h4 Ke6 33. Ree1 Kf5 34.
Nd2 Rd5 35. Nf1 Rcd8 36. Rxd5 Rxd5 37. Ne3+ Bxe3 38. Rxe3 Rd2 39. f3 Rh2 40. Rd3
Rxh4 41. Rd6 Rf4 42. Rxa6 Kxg5 43. Ra5 Rxf3 44. Rxb5 Kf4 45. a4 g5 46. Rb7 g4
47. Rxg7 Rxb3+ 48. Kc2 Ra3 49. Rf7+ Ke3 50. Re7 e4 51. Rg7 Kf3 52. Rf7+ Kg3 53.
Kd2 Rxa4 54. Ke3 Kg2 55. Rf2+ Kh3 56. Rf8 g3 57. Rg8 Kh2 58. Rh8+ Kg1 59. Rb8 g2
60. Rb7 Ra1 61. Ke2 Kh2 62. Rh7+ Kg3 63. Rg7+ Kf4 64. Rxg2 Ra2+ 65. Kf1 Rxg2 0-1

[Event "56th TCh-DEN Ex 2017-18"]
[Site "Denmark DEN"]
[Date "2017.12.17"]
[Round "4.5"]
[Board "1"]
[White "Thybo, Jesper Sondergaard"]
[Black "Hagen, Andreas Skytte"]
[Result "1-0"]
[WhiteTitle "IM"]
[BlackTitle "IM"]
[WhiteElo "2472"]
[BlackElo "2383"]
[WhiteTeam "Jetsmark"]
[BlackTeam "Aarhus/Skolerne"]
[WhiteFideId "1438832"]
[BlackFideId "1407341"]
[EventDate "2017.11.18"]

1. d4 Nf6 2. c4 g6 3. Nc3 Bg7 4. e4 d6 5. Nf3 O-O 6. Be2 e5 7. Be3 h6 8. O-O Ng4
9. Bc1 Nc6 10. d5 Ne7 11. c5 f5 12. cxd6 cxd6 13. Nd2 Nf6 14. f3 f4 15. Nc4 g5
16. Bd2 Ng6 17. Nb5 Ne8 18. Bb4 Rf6 19. a4 Bd7 20. Be1 Qb8 21. Nc3 Bf8 22. a5 h5
23. a6 b6 24. Na2 Ne7 25. Nb4 Rg6 26. Kh1 Kh7 27. Rc1 Qd8 28. Na3 Nc7 29. Nc6
Nxc6 30. dxc6 Bc8 31. Qa4 g4 32. fxg4 hxg4 33. Qb3 Qe8 34. Nb5 Nxb5 35. Bxb5 Rh6
36. g3 Be6 37. Qc2 Be7 38. gxf4 exf4 39. Rxf4 Qh5 40. Rf5 Bg5 41. e5 Bd5+ 42.
Kg1 Be3+ 43. Kf1 Qh3+ 44. Ke2 Kh8 45. c7 Bxc1 46. c8=Q+ Rxc8 47. Qxc8+ Bg8 48.
Qxc1 Qxh2+ 49. Bf2 g3 50. Qg1 gxf2 51. Qxh2 Rxh2 52. exd6 Kg7 53. d7 f1=Q+ 54.
Kxf1 Rd2 55. Rg5+ Kh7 56. Re5 Bc4+ 57. Bxc4 Rxd7 58. Bd5 Kg7 59. Bb7 Kf7 60. Rh5
Ke7 61. Rh7+ Kd6 62. Rh8 1-0

[Event "56th TCh-DEN Ex 2017-18"]
[Site "Denmark DEN"]
[Date "2017.12.17"]
[Round "4.5"]
[Board "2"]
[White "Sorensen, Jan"]
[Black "Rasmussen, Allan Stig"]
[Result "1/2-1/2"]
[WhiteTitle "IM"]
[BlackTitle "GM"]
[WhiteElo "2420"]
[BlackElo "2540"]
[WhiteTeam "Aarhus/Skolerne"]
[BlackTeam "Jetsmark"]
[WhiteFideId "1400150"]
[BlackFideId "1406000"]
[EventDate "2017.11.18"]

1. e4 e5 2. Nc3 Nf6 3. Bc4 Nxe4 4. Qh5 Nd6 5. Qxe5+ Qe7 6. Qxe7+ Bxe7 7. Bb3 Nf5
8. Nf3 c6 9. O-O d5 10. Re1 Na6 11. d4 f6 12. g4 Nd6 13. Bf4 Kd8 14. h3 g5 15.
Bg3 h5 16. Bxd5 hxg4 17. hxg4 Bxg4 18. Nh2 Bf5 19. Bb3 Nc7 20. Nf1 Kd7 21. Na4
b6 22. c4 Nde8 23. d5 cxd5 24. cxd5 Bb4 25. Nc3 Nd6 26. Nd2 a6 27. a3 Bc5 28.
Na4 Ncb5 29. Bxd6 Nxd6 30. Nxc5+ bxc5 31. Ba4+ Kd8 32. Rac1 Rh4 33. Bc2 Bd7 34.
f3 Rb8 35. b3 f5 36. Bd3 Rd4 37. Rc3 a5 38. a4 Rxd5 39. Nc4 Nxc4 40. Bxc4 Rd2
41. Re5 Kc7 42. Rxc5+ Kb6 43. Re5 Rc8 44. Rd3 Rxd3 45. Bxd3 Rc5 46. Re7 Bc6 47.
Re6 Kc7 48. Kf2 Bd5 49. Rg6 Rc3 50. Be2 Bxb3 51. Rxg5 Bc2 52. Bb5 Kd6 53. Ke2
Ke5 54. Kd2 Rc5 55. Ke3 Rc3+ 56. Kd2 Rc5 57. Ke3 Bb3 58. f4+ Kf6 59. Rh5 Kg6 60.
Rg5+ Kf6 61. Rh5 Rc3+ 62. Kd4 Rf3 63. Rh6+ Kg7 64. Rh4 Bc2 65. Bc6 Ra3 66. Rh2
Be4 67. Bxe4 Rxa4+ 68. Ke5 fxe4 69. Re2 Rb4 70. Rxe4 Rxe4+ 71. Kxe4 Kf6 72. Kd4
Kf5 73. Kc4 Kxf4 74. Kb5 a4 75. Kxa4 1/2-1/2

[Event "56th TCh-DEN Ex 2017-18"]
[Site "Denmark DEN"]
[Date "2017.12.17"]
[Round "4.5"]
[Board "3"]
[White "Jensen, Bjarke"]
[Black "Skytte, Rasmus"]
[Result "1-0"]
[WhiteTitle "FM"]
[BlackTitle "IM"]
[WhiteElo "2319"]
[BlackElo "2394"]
[WhiteTeam "Jetsmark"]
[BlackTeam "Aarhus/Skolerne"]
[WhiteFideId "1403702"]
[BlackFideId "1404210"]
[EventDate "2017.11.18"]

1. e4 c5 2. Nf3 e6 3. b3 a6 4. Bb2 Nc6 5. g3 Qc7 6. Bg2 Nf6 7. Qe2 Be7 8. e5 Ng4
9. h3 Nh6 10. g4 O-O 11. d3 d6 12. exd6 Bxd6 13. Nbd2 Bf4 14. Nc4 b5 15. Ne3 Bb7
16. O-O Rad8 17. c3 Ne7 18. Nh4 f5 19. Bxb7 Qxb7 20. Neg2 fxg4 21. Nxf4 Rxf4 22.
Bc1 Nd5 23. c4 gxh3 24. Qxe6+ Kh8 25. Qxh3 Nc3 26. Bxf4 Ne2+ 27. Kh2 Nxf4 28.
Qg3 Ne2 29. Qg5 Qc7+ 30. f4 Qd7 31. Rf3 Ng4+ 32. Kh1 Nd4 33. Rg3 Nf6 34. Re1
Qb7+ 35. Kg1 bxc4 36. dxc4 Rc8 37. Nf5 Nxf5 38. Qxf5 Rd8 39. Qxc5 h5 40. Rge3
Qd7 41. Qg5 Qa7 42. Kf1 Qa8 43. Qg2 Qb8 44. Re5 Kg8 45. Qc6 Kh7 46. Qf3 Kh6 47.
Re6 Rf8 48. R1e5 g6 49. Qg3 Qd8 50. Rd5 Qc7 51. Qg5+ Kg7 52. Rdd6 Qb7 53. Kg1
Qf3 54. Re7+ 1-0

[Event "56th TCh-DEN Ex 2017-18"]
[Site "Denmark DEN"]
[Date "2017.12.17"]
[Round "4.5"]
[Board "4"]
[White "Christensen, Tobias"]
[Black "Wiwe, Andreas"]
[Result "1/2-1/2"]
[WhiteTitle "IM"]
[BlackTitle "FM"]
[WhiteElo "2352"]
[BlackElo "2286"]
[WhiteTeam "Aarhus/Skolerne"]
[BlackTeam "Jetsmark"]
[WhiteFideId "1400673"]
[BlackFideId "1407937"]
[EventDate "2017.11.18"]

1. Nf3 d5 2. c4 dxc4 3. e3 Nf6 4. Bxc4 e6 5. d4 c5 6. Nc3 a6 7. O-O b5 8. Be2
Nbd7 9. b3 Bb7 10. Bb2 Bd6 11. dxc5 Nxc5 12. b4 Nce4 13. Nxe4 Bxe4 14. a4 Bxb4
15. Qb3 Qe7 16. axb5 a5 17. Ne5 O-O 18. Nc6 Bxc6 19. Bxf6 Qxf6 20. bxc6 Qe7 21.
Bf3 Ra7 22. Rfd1 g6 23. Rd4 Rd8 24. Qxb4 axb4 25. Rxd8+ Qxd8 26. Rxa7 Qd2 27. g3
b3 28. c7 Qc1+ 29. Kg2 Kg7 30. Rb7 1/2-1/2